| 000 | 00551nam a22001817a 4500 | ||
|---|---|---|---|
| 003 | OSt | ||
| 005 | 20160116150758.0 | ||
| 008 | 160114b xxu||||| |||| 00| 0 eng d | ||
| 082 |
_2[2010] _aDK12 512 _bAl395 |
||
| 245 |
_aAlgebra 2 : _bconcepts and skills : practice workbook / _cRon Larson...[and 3 more]. |
||
| 260 |
_aEvanston, Illinois : _bMcDougal Littell, _c[c2010] |
||
| 300 |
_aiii,183 pages : _billustrations ; _c28 cm. |
||
| 650 | 0 |
_91666 _aAlgebra |
|
| 700 |
_91668 _aKanold |
||
| 700 |
_91670 _aStiff |
||
| 700 |
_91669 _aBoswell |
||
| 942 |
_2ddc _cBK |
||
| 999 |
_c634 _d634 |
||